MARC details
| 000 -CABECERA |
| campo de control de longitud fija |
00967nam a2200253 a 4500 |
| 001 - NÚMERO DE CONTROL |
| campo de control |
000007047 |
| 005 - FECHA Y HORA DE LA ÚLTIMA TRANSACCIÓN |
| campo de control |
20200929154044.0 |
| 008 - DATOS DE LONGITUD FIJA--INFORMACIÓN GENERAL |
| campo de control de longitud fija |
090904s1997 xxu 001 m spa d |
| 020 ## - NÚMERO INTERNACIONAL ESTÁNDAR DEL LIBRO |
| Número Internacional Estándar del Libro |
0761805494 |
| 040 ## - FUENTE DE LA CATALOGACIÓN |
| Centro catalogador/agencia de origen |
DO-SdBNP |
| Lengua de catalogación |
spa |
| Centro/agencia transcriptor |
BNPHU |
| 082 ## - NÚMERO DE LA CLASIFICACIÓN DECIMAL DEWEY |
| Número de clasificación |
Cu864.44 |
| Número de documento/Ítem |
P615zV |
| 049 ## - FONDOS LOCALES (OCLC) |
| Fondos de biblioteca |
BNPD |
| 100 1# - ENTRADA PRINCIPAL--NOMBRE DE PERSONA |
| Nombre de persona |
Valerio Holguín, Fernando |
| 9 (RLIN) |
19580 |
| 245 10 - MENCIÓN DE TÍTULO |
| Título |
Poética de la frialdad : |
| Resto del título |
la narrativa de Virgilio Piñera / |
| Mención de responsabilidad, etc. |
Fernando Valerio Holguín. |
| 260 ## - PUBLICACIÓN, DISTRIBUCIÓN, ETC. |
| Lugar de publicación, distribución, etc. |
New York, : |
| Nombre del editor, distribuidor, etc. |
University Press of America, |
| Fecha de publicación, distribución, etc. |
1997. |
| 300 ## - DESCRIPCIÓN FÍSICA |
| Extensión |
112 p. ; |
| Dimensiones |
22 cm. |
| 500 ## - NOTA GENERAL |
| Nota general |
Incluye datos biográficos del autor en la página 113. |
| 500 ## - NOTA GENERAL |
| Nota general |
Incluye índice onomástico y temático. |
| 504 ## - NOTA DE BIBLIOGRAFÍA, ETC. |
| Nota de bibliografía, etc. |
Incluye bibliografías (p. 97-105). |
| 650 #4 - PUNTO DE ACCESO ADICIONAL DE MATERIA--TÉRMINO DE MATERIA |
| Término de materia o nombre geográfico como elemento de entrada |
Piñera, virgilio, |
| Fechas vigentes |
1912 - 1979 |
| Subdivisión general |
Ensayos, conferencias, etc. |
| -- |
Crítica e interpretación |
| 9 (RLIN) |
19581 |
| 650 #4 - PUNTO DE ACCESO ADICIONAL DE MATERIA--TÉRMINO DE MATERIA |
| Término de materia o nombre geográfico como elemento de entrada |
Poetas cubanos |
| Subdivisión general |
Ensayos, conferencias, etc. |
| 9 (RLIN) |
19582 |
| 650 #4 - PUNTO DE ACCESO ADICIONAL DE MATERIA--TÉRMINO DE MATERIA |
| Término de materia o nombre geográfico como elemento de entrada |
Cuentos cubanos |
| 9 (RLIN) |
1482 |
| 650 #4 - PUNTO DE ACCESO ADICIONAL DE MATERIA--TÉRMINO DE MATERIA |
| Término de materia o nombre geográfico como elemento de entrada |
Literatura cubana |
| 9 (RLIN) |
1483 |